00510nam a2200157 a 450000100100000000500170001000800410002704000250006808200220009310000260011524500850014125000110022626000640023730000210030150400300032200003651720200930075757.0120119s1977 cr 000 0 spa d aDO-SdBNPbspacBNPHU axxxxbC961t, 19771 aCuadra, Pablo Antonio10aTierra que habla :bantología de Cantos Nicaraguenses /cPablo Antonio Cuadra. a2a ed. aCosta Rica :bEditora Universitaria Centroamericana,c1977. a181 p. ;c17 cm. aBibliografía: p.177-181